Statistics for Countries Prince Visited

Click here to take the quiz!

General Stats

  • This quiz has been taken 18 times
  • The average score is 22 of 24

Answer Stats

ContinentCountry% Correct
North AmericaCanada
100%
AsiaChina
100%
EuropeDenmark
100%
EuropeGermany
100%
EuropeItaly
100%
EuropeSpain
100%
EuropeUnited Kingdom
100%
North AmericaUnited States of America
100%
OceaniaAustralia
92%
EuropeAustria
92%
EuropeBelgium
92%
EuropeFrance
92%
AsiaJapan
92%
OceaniaNew Zealand
92%
EuropeNorway
92%
EuropePoland
92%
EuropePortugal
92%
EuropeSweden
92%
EuropeSwitzerland
92%
Europethe Netherlands
92%
EuropeHungary
83%
EuropeIreland
75%
EuropeLuxembourg
75%
AsiaUnited Arab Emirates
50%

Score Distribution

Percentile by Number Answered

Percent of People with Each Score

Your Score History

You have not taken this quiz